MARC

LEADER 00000nam0a2200000 4500
001 284436
005 20231101235708.0
020 |a RU  |b 85-12546 
035 |a (RuTPU)RU\TPU\book\308602 
090 |a 284436 
100 |a 20150214d1984 km y0rusy5003 ca 
101 0 |a rus 
102 |a RU 
105 |a a z 000zy 
200 1 |a Создано человечеством  |f Ю. В. Бромлей, Р. Г. Подольный 
210 |a Москва  |c Политиздат  |d 1984 
215 |a 272 с.  |c ил. 
606 1 |a Культура  |x Философские проблемы  |2 stltpush  |3 (RuTPU)RU\TPU\subj\16748  |9 42682 
610 1 |a история 
610 1 |a теория 
610 1 |a мировая культура 
610 1 |a этнография 
610 1 |a философия 
610 1 |a культурно-исторический процесс 
610 1 |a религиозные коонцепции 
610 1 |a обряды 
610 1 |a семья 
610 1 |a досуг 
610 1 |a экология 
686 |a Ч11  |2 rubbk 
700 1 |a Бромлей  |b Ю. В.  |g Юлман Владимирович  |4 070 
701 1 |a Подольный  |b Р. Г.  |g Роман Григорьевич  |4 070 
801 0 |a RU  |b RuMRKP  |c 19950704  |g psbo 
801 1 |a RU  |b 63413507  |c 20150214 
801 2 |a RU  |b 63413507  |c 20180727  |g RCR 
942 |c BK